| 000 | 00499nam a2200157 i 4500 | ||
|---|---|---|---|
| 001 | 23159 | ||
| 003 | ES-MaACL | ||
| 005 | 20230906152826.0 | ||
| 007 | t| | ||
| 008 | 021209s1883 sp ||||1| spa d | ||
| 100 | 1 |
_aAlonso, José. _920212 |
|
| 245 | 1 | 0 |
_aConsideraciones sobre el planteamiento y resolución de la crisis ministerial de 11 de octubre de 1883 / _cJosé Alonso. |
| 260 |
_aMadrid : _b[s.n., _c1883] ( _fImp. G. Hernando) |
||
| 300 |
_a16 p. ; _c26 cm. |
||
| 852 |
_aES-MaACL _jT-383-F-18 |
||
| 999 |
_c23159 _d23159 |
||